Mecánica de fluidos
| Main Author: | |
|---|---|
| Format: | Section = Libro |
| Language: | Undetermined Spanish |
| Published: |
Madrid
McGraw-Hill
2008
|
| Edition: | 6aed. |
| Subjects: |
| LEADER | 00664nam a2200253Ia 4500 | ||
|---|---|---|---|
| 008 | 240830s9999 xx 000 0 und d | ||
| 020 | |a 978-84-481-6603-8 | ||
| 040 | |a CEDOC FIQ-RUSB / 532 W584 | ||
| 041 | |a spa | ||
| 082 | |a 532 W584 | ||
| 100 | 1 | |a White, Frank | |
| 245 | 1 | 0 | |a Mecánica de fluidos |
| 250 | |a 6aed. | ||
| 260 | |a Madrid |b McGraw-Hill |c 2008 | ||
| 300 | |a XVI, 861 p. : il. | ||
| 650 | 7 | |a MECANICA DE FLUIDOS | |
| 650 | 7 | |b DISTRIBUCION-PRESIONES DEL FLUIDO | |
| 650 | 7 | |c ANALISIS DE LOS FLUIDOS | |
| 650 | 7 | |d PARTICULA FLUIDA | |
| 650 | 7 | |e TURBOMAQUINA | |
| 650 | 7 | |f FLUJO-CANAL ABIERTO I | |
| 942 | |c BK |2 ddc | ||
| 991 | |a TEXTO | ||
| 999 | |c 13563 | ||